Perhaps, perhaps, perhaps - Cake - Statistics

General Stats
  • This quiz has been taken 12 times
  • The average score is 77 of 132
Answer Stats
Answer % Correct
A
100%
I
100%
Perhaps
100%
You
100%
Love
89%
Me
89%
Know
78%
To
78%
Am
67%
So
67%
Again
56%
And
56%
Ever
56%
If
56%
Won’t
56%
Admit
44%
But
44%
Million
44%
Mind
44%
Never
44%
Over
44%
Say
44%
Tell
44%
Then
44%
Time
44%
Yes
44%
Answer
33%
Ask
33%
Can’t
33%
Don’t
33%
How
33%
Only
33%
Please
33%
Really
33%
Up
33%
Your
33%
Confess
22%
Get
22%
Make
22%
Started
22%
Wanna
22%
We’ll
22%
Being
11%
Broken
11%
Dear
11%
Hearted
11%
Parted
11%
Wind
11%
No matching quizzes found
Score Distribution
Percent of People with Each Score
Percentile by Number Answered
Your Score History
You have not taken this quiz